000 01229nam a2200229Ia 4500
003 Ost
005 20260507075524.0
008 260507s9999||||xx |||||||||||||| ||und||
020 _a52359899579
040 _cfsecg
041 _aara
082 _a330
100 _aخلوفي، وهيبة
_eمؤلف
245 0 _aتحليل الاستثمار في البنوك /
_c وهيبة خلوفي
260 _aعمان:
_bدار الاعصار العلمي للنشر والتوزيع,
_c2017
300 _a179 صفحة؛
_bإيضاحات ؛
_c25 سم
504 _aبيبليوغرافيا: ص.177-179
520 _aالتحليل الرأسي العمودي لقائمة الدخل،مفهوم مخاطر الاستثمار،طبيعة مخاطر الاستثمار في المصارف الإسلامية،مخاطر مصدرها نوعية الموارد البشرية المتاحة،معايير تقويم وسائل الاستثمار في البنوك الاسلامية،مفهوم البنك التجاري،وظائف وأنشطة البنك التجاري،المحفظة الاستثمارية،البنوك الالكترونية
653 _aالاستثمار
653 _aالبنوك
942 _cكتاب
999 _c44788
_d44788